Ответы на вопросы молодежи. 19: Чем отличается социалистическая революция от буржуазной? | Что означает победа социализма для трудящихся? | Как советский народ обсуждает свою Конституцию? | Что дала советская власть молодежи? (Запись № 13630400)

Подробности
000 -МАРКЕР
контрольное поле 01032nam2a2200229 4500
001 - ИДЕНТИФИКАТОР ЗАПИСИ
контрольное поле rc\3025515
005 - ИДЕНТИФИКАТОР ВЕРСИИ
контрольное поле 20260315071301.0
035 ## - ДРУГИЕ СИСТЕМНЫЕ НОМЕРА
Идентификатор записи (NLR Aleph) 007208121
100 ## - ДАННЫЕ ОБЩЕЙ ОБРАБОТКИ
Данные общей обработки 20110929d1936 u y0rusy50 ca
101 0# - ЯЗЫК РЕСУРСА
Язык текста, звукозаписи и т.д. русский
102 ## - СТРАНА ПУБЛИКАЦИИ ИЛИ ПРОИЗВОДСТВА
Страна публикации Российская Федерация
105 ## - ПОЛЕ КОДИРОВАННЫХ ДАННЫХ: ТЕКСТОВЫЕ МАТЕРИАЛЫ, МОНОГРАФИЧЕСКИЕ
Кодированные данные о монографическом текстовом документе y z |||||
200 1# - ЗАГЛАВИЕ И СВЕДЕНИЯ ОБ ОТВЕТСТВЕННОСТИ
Основное заглавие Чем отличается социалистическая революция от буржуазной?
-- Что означает победа социализма для трудящихся?
-- Как советский народ обсуждает свою Конституцию?
-- Что дала советская власть молодежи?
210 ## - ПУБЛИКАЦИЯ, РАСПРОСТРАНЕНИЕ И ДР.
Дата издания, распространения и т.д. 1936
215 ## - ФИЗИЧЕСКАЯ ХАРАКТЕРИСТИКА
Специфическое обозначение материала и объем 28, [3] с.
461 #0 - УРОВЕНЬ НАБОРА
Встроенное поле 001rc\3025501
-- 2001#$aОтветы на вопросы молодежи$v19
Системный номер (АБИС) связанной записи 7660315
Место публикации [Москва]
Дата публикации 1936
Имя издателя, распространителя и т.д. Мол. гвардия
Заглавие Ответы на вопросы молодежи
Номер тома 19
801 #0 - ИСТОЧНИК ЗАПИСИ
Страна Российская Федерация
Организация NLR
Правила каталогизации psbo
801 #1 - ИСТОЧНИК ЗАПИСИ
Страна Российская Федерация
Организация ELAR
Источник данных rusmarc
852 ## - МЕСТОНАХОЖДЕНИЕ И ШИФР ХРАНЕНИЯ
Идентификатор организации NLR
Шифр хранения (Call Number) 35-18/439
942 ## - ДОПОЛНИТЕЛЬНЫЕ ЭЛЕМЕНТЫ ЗАПИСИ (АБИС)
Тип экземпляра АБИС Неопределено
980 ## - КОЛЛЕКЦИЯ
Название коллекции Национальная библиография

Нет доступных экземпляров.